| 000 | 00477ntaaa2200193 4500 | ||
|---|---|---|---|
| 003 | 01 | ||
| 005 | 20251027202439.0 | ||
| 008 | 0714s1973 ag 01 | ||
| 040 |
_aAR-BaBN _bspa _cAR-BaBN _eaacr _dRIC |
||
| 082 | _a266.0000 Sa5e | ||
| 100 | _aSanders, J. Oswald | ||
| 245 | _aEstan Perdidos? | ||
| 250 | _a1 ed. | ||
| 260 |
_aSan Ignacio : _bHebrón, _c1984 |
||
| 300 |
_a86 p. ; _c17,5 cm. |
||
| 650 |
_aMisiones Mudiales _923330 |
||
| 650 |
_aEvangelismo _9336 |
||
| 942 | _cBK | ||
| 999 |
_c19442 _d19442 |
||